[Event "European Youth Chess Championship G18"]
[Site "Prague, Top Hotel Prague"]
[Date "2012.08.22"]
[Round "6.9"]
[White "Tran, My Linh"]
[Black "Petrukhina, Irina"]
[Result "0-1"]
[WhiteElo "2031"]
[BlackElo "2212"]
[PlyCount "0"]
[EventDate "2012.08.17"]

1. e4 {[%clk 1:30:58]} c5 {[%clk 1:30:56]} 2. Nf3 {[%clk 1:31:23]} Nc6
{[%clk 1:31:20]} 3. d4 {[%clk 1:31:50]} cxd4 {[%clk 1:31:44]} 4. Nxd4
{[%clk 1:32:18]} Nf6 {[%clk 1:32:05]} 5. Nc3 {[%clk 1:32:42]} d6 {[%clk 1:32:15]}
6. Bg5 {[%clk 1:33:08]} e6 {[%clk 1:31:38]} 7. Qd2 {[%clk 1:33:28]} Be7
{[%clk 1:31:45]} 8. O-O-O {[%clk 1:33:01]} O-O {[%clk 1:30:17]} 9. Nb3
{[%clk 1:07:19]} a6 {[%clk 1:24:00]} 10. Bxf6 {[%clk 1:02:36]} Bxf6
{[%clk 1:11:15]} 11. Qxd6 {[%clk 1:01:41]} Bxc3 {[%clk 1:11:06]} 12. bxc3
{[%clk 1:01:25]} Qh4 {[%clk 1:11:10]} 13. f3 {[%clk 0:51:14]} Rd8
{[%clk 0:58:54]} 14. Qg3 {[%clk 0:46:05]} Qh6+ {[%clk 0:43:52]} 15. f4
{[%clk 0:45:22]} Rxd1+ {[%clk 0:36:28]} 16. Kxd1 {[%clk 0:45:50]} b6
{[%clk 0:35:49]} 17. Bd3 {[%clk 0:42:31]} Bb7 {[%clk 0:33:59]} 18. Nd2
{[%clk 0:21:09]} Rd8 {[%clk 0:25:45]} 19. Kc1 {[%clk 0:19:14]} b5
{[%clk 0:22:05]} 20. e5 {[%clk 0:16:06]} Ne7 {[%clk 0:17:44]} 21. Ne4
{[%clk 0:14:03]} Ng6 {[%clk 0:16:49]} 22. Rf1 {[%clk 0:12:47]} Nxe5
{[%clk 0:12:41]} 23. Nc5 {[%clk 0:09:02]} Bc8 {[%clk 0:12:31]} 24. Kb1
{[%clk 0:07:30]} Nc6 {[%clk 0:07:23]} 25. Ne4 {[%clk 0:07:04]} f6
{[%clk 0:06:40]} 26. Nc5 {[%clk 0:05:56]} Kf7 {[%clk 0:05:55]} 27. Qf3
{[%clk 0:04:37]} Ne7 {[%clk 0:04:59]} 28. h3 {[%clk 0:04:21]} g6 {[%clk 0:03:36]}
29. g4 {[%clk 0:04:20]} Qf8 {[%clk 0:03:50]} 30. Be4 {[%clk 0:02:15]} Nd5
{[%clk 0:03:20]} 31. Nb3 {[%clk 0:01:59]} Nb6 {[%clk 0:02:47]} 32. f5
{[%clk 0:01:50]} exf5 {[%clk 0:02:45]} 33. gxf5 {[%clk 0:02:18]} Kg7
{[%clk 0:02:24]} 34. fxg6 {[%clk 0:02:37]} hxg6 {[%clk 0:02:42]} 35. Rg1
{[%clk 0:02:24]} f5 {[%clk 0:02:41]} 36. Bd3 {[%clk 0:01:12]} Na4
{[%clk 0:02:28]} 37. Qh5 {[%clk 0:00:36]} Qf6 {[%clk 0:02:21]} 38. Qg5
{[%clk 0:00:39]} Nxc3+ {[%clk 0:02:23]} 39. Kc1 {[%clk 0:00:59]} Nxa2+
{[%clk 0:02:39]} 40. Kd2 {[%clk 0:30:58]} Nb4 {[%clk 0:30:38]} 41. Nc1
{[%clk 0:23:22]} Qxg5+ {[%clk 0:27:51]} 42. Rxg5 {[%clk 0:23:46]} Kf6
{[%clk 0:28:17]} 43. Rg1 {[%clk 0:23:12]} g5 {[%clk 0:27:25]} 44. Kc3
{[%clk 0:22:41]} Nd5+ {[%clk 0:27:25]} 45. Kd2 {[%clk 0:22:11]} f4
{[%clk 0:26:10]} 46. Ke2 {[%clk 0:21:11]} Bxh3 {[%clk 0:26:08]} 0-1

[Event "European Youth Chess Championship G18"]
[Site "Prague, Top Hotel Prague"]
[Date "2012.08.22"]
[Round "6.10"]
[White "Turkova, Karolina"]
[Black "Severina, Maria"]
[Result "0-1"]
[WhiteElo "2004"]
[BlackElo "2147"]
[PlyCount "0"]
[EventDate "2012.08.17"]

1. e4 e5 {[%clk 1:30:56]} 2. Nf3 {[%clk 1:31:19]} Nc6 {[%clk 1:31:23]} 3. Bb5
{[%clk 1:31:41]} a6 {[%clk 1:31:48]} 4. Ba4 {[%clk 1:32:07]} Nf6 {[%clk 1:32:11]}
5. d4 {[%clk 1:32:03]} exd4 {[%clk 1:20:14]} 6. O-O {[%clk 1:31:48]} Be7
{[%clk 1:17:50]} 7. e5 {[%clk 1:29:59]} Ne4 {[%clk 1:17:03]} 8. Nxd4
{[%clk 1:25:33]} Nxd4 {[%clk 1:07:22]} 9. Qxd4 {[%clk 1:25:54]} Nc5
{[%clk 1:07:44]} 10. Nc3 {[%clk 1:18:05]} O-O {[%clk 1:02:08]} 11. Be3
{[%clk 1:14:33]} Nxa4 {[%clk 0:55:47]} 12. Qxa4 {[%clk 1:12:38]} d5
{[%clk 0:52:54]} 13. exd6 {[%clk 1:10:13]} Bxd6 {[%clk 0:49:39]} 14. Bf4
{[%clk 1:08:26]} Bd7 {[%clk 0:48:23]} 15. Qd4 {[%clk 1:06:04]} Qh4
{[%clk 0:38:04]} 16. Ne2 {[%clk 0:55:49]} Bxf4 {[%clk 0:36:13]} 17. Qxf4
{[%clk 0:54:42]} Qxf4 {[%clk 0:36:20]} 18. Nxf4 {[%clk 0:54:59]} Bf5
{[%clk 0:25:16]} 19. Nd5 {[%clk 0:46:50]} Bxc2 {[%clk 0:24:41]} 20. Rac1
{[%clk 0:45:29]} Be4 {[%clk 0:20:15]} 21. Ne7+ {[%clk 0:42:09]} Kh8
{[%clk 0:20:45]} 22. Rxc7 {[%clk 0:41:45]} b5 {[%clk 0:19:09]} 23. Rd1
{[%clk 0:35:53]} Rfd8 {[%clk 0:18:15]} 24. Rcd7 {[%clk 0:26:47]} Rxd7
{[%clk 0:18:16]} 25. Rxd7 {[%clk 0:27:10]} g6 {[%clk 0:18:18]} 26. f3
{[%clk 0:25:48]} Bb1 {[%clk 0:18:25]} 27. a3 {[%clk 0:24:10]} Kg7
{[%clk 0:18:23]} 28. Kf2 {[%clk 0:21:39]} Kf6 {[%clk 0:15:38]} 29. h3
{[%clk 0:17:17]} Ke6 {[%clk 0:14:44]} 30. Rd1 {[%clk 0:16:30]} Ba2
{[%clk 0:09:13]} 31. Nc6 {[%clk 0:14:58]} Bd5 {[%clk 0:09:29]} 32. Nb4
{[%clk 0:13:16]} Bc4 {[%clk 0:09:28]} 33. Ke3 {[%clk 0:09:59]} a5
{[%clk 0:09:21]} 34. Nc6 {[%clk 0:09:57]} a4 {[%clk 0:08:59]} 35. Kf4
{[%clk 0:07:45]} Rc8 {[%clk 0:08:06]} 36. Nb4 {[%clk 0:04:11]} Rc5
{[%clk 0:05:29]} 37. Rd8 {[%clk 0:03:13]} Ke7 {[%clk 0:04:23]} 38. Ra8
{[%clk 0:01:08]} Bf1 {[%clk 0:03:33]} 39. Ra7+ {[%clk 0:01:11]} Kf6
{[%clk 0:03:41]} 40. Ra6+ {[%clk 0:31:07]} Kg7 {[%clk 0:33:05]} 41. g4
{[%clk 0:20:20]} Bxh3 {[%clk 0:30:49]} 42. Nd3 {[%clk 0:18:04]} Rc7
{[%clk 0:25:06]} 43. Nf2 {[%clk 0:12:40]} Bf1 {[%clk 0:24:32]} 44. Ne4
{[%clk 0:09:02]} h6 {[%clk 0:23:49]} 45. Ra8 {[%clk 0:06:01]} g5+
{[%clk 0:13:16]} 46. Ke5 {[%clk 0:05:10]} Be2 {[%clk 0:12:59]} 47. Ng3
{[%clk 0:02:32]} Re7+ {[%clk 0:06:08]} 48. Kd4 {[%clk 0:02:08]} Bxf3
{[%clk 0:04:48]} 49. Nh5+ {[%clk 0:02:03]} Kh7 {[%clk 0:05:13]} 50. Rb8
{[%clk 0:01:34]} Re6 {[%clk 0:03:03]} 51. Rxb5 {[%clk 0:01:07]} Bxg4
{[%clk 0:03:15]} 52. Ng3 {[%clk 0:01:16]} Kg6 {[%clk 0:03:07]} 53. Rb8
{[%clk 0:01:15]} f5 {[%clk 0:03:02]} 54. Kd5 {[%clk 0:01:10]} Re3
{[%clk 0:02:29]} 55. Rb6+ {[%clk 0:01:32]} Kf7 {[%clk 0:02:52]} 56. Nf1
{[%clk 0:00:54]} Bf3+ {[%clk 0:01:56]} 57. Kd4 {[%clk 0:00:58]} Re6
{[%clk 0:01:50]} 58. Rb8 {[%clk 0:01:08]} f4 {[%clk 0:02:08]} 59. Nd2
{[%clk 0:01:02]} Rd6+ {[%clk 0:01:42]} 60. Kc3 {[%clk 0:00:57]} Bc6
{[%clk 0:01:26]} 61. Nc4 {[%clk 0:01:07]} Re6 {[%clk 0:01:47]} 62. Rc8
{[%clk 0:00:51]} f3 {[%clk 0:02:03]} 63. Kd4 {[%clk 0:00:49]} f2 {[%clk 0:02:18]}
64. Rc7+ {[%clk 0:00:48]} Kf6 {[%clk 0:01:18]} 65. Rc8 {[%clk 0:00:43]} Be8
{[%clk 0:01:36]} 66. Nd2 {[%clk 0:00:53]} Rd6+ 0-1

[Event "European Youth Chess Championship G18"]
[Site "Prague, Top Hotel Prague"]
[Date "2012.08.22"]
[Round "6.11"]
[White "Kaliadzich, Maryia"]
[Black "Schulz, Anja"]
[Result "1/2-1/2"]
[WhiteElo "1915"]
[BlackElo "2108"]
[PlyCount "86"]
[EventDate "2012.08.17"]

1. e4 c5 2. Nf3 Nc6 3. d4 cxd4 4. Nxd4 e5 5. Nb5 d6 6. N1c3 a6 7. Na3 Be7 8.
Nc4 b5 9. Ne3 Nf6 10. Ned5 Nxd5 11. Nxd5 O-O 12. g3 Be6 13. Bg2 Rc8 14. O-O
Bxd5 15. exd5 Nb8 16. c3 f5 17. a4 Qa5 18. Bd2 Nd7 19. b3 Qc7 20. axb5 axb5 21.
Qe2 Rb8 22. Ra3 Bf6 23. Rfa1 e4 24. Ra6 Ne5 25. R1a5 Qc5 26. c4 Qd4 27. Be3 Qc3
28. Rxb5 Rxb5 29. cxb5 Qxb3 30. Rxd6 Nc4 31. Rc6 Nxe3 32. fxe3 Qxd5 33. Bf1 Bg5
34. h4 Bh6 35. Kf2 Kh8 36. Qb2 f4 37. exf4 Ra8 38. Bc4 e3+ 39. Kxe3 Re8+ 40.
Kf2 Qh1 41. Qc3 Bxf4 42. gxf4 Qh2+ 43. Kf1 Qh1+ 1/2-1/2

[Event "European Youth Chess Championship G18"]
[Site "Prague, Top Hotel Prague"]
[Date "2012.08.22"]
[Round "6.12"]
[White "Kabai, Zsuzsanna"]
[Black "Dalemans, Diana"]
[Result "1/2-1/2"]
[WhiteElo "2097"]
[BlackElo "1958"]
[PlyCount "120"]
[EventDate "2012.08.17"]

1. Nf3 Nf6 2. c4 g6 3. Nc3 Bg7 4. e4 c5 5. d4 cxd4 6. Nxd4 d6 7. Be2 a6 8. Be3
Nbd7 9. O-O b6 10. Rc1 Bb7 11. f3 O-O 12. Qd2 Rc8 13. b4 Re8 14. Rfd1 Qc7 15.
Bf1 Qb8 16. Qf2 Bc6 17. Rd2 e6 18. Rcd1 Bf8 19. Rc2 Be7 20. Rdc1 Bb7 21. Nb3 d5
22. exd5 exd5 23. c5 bxc5 24. bxc5 Bf8 25. Bd4 Qc7 26. c6 Bxc6 27. Bxa6 Bb7 28.
Nxd5 Qd6 29. Nxf6+ Nxf6 30. Bxb7 Rxc2 31. Rxc2 Qb4 32. Ba6 Nd5 33. g3 Bh6 34.
Re2 Rd8 35. Qe1 Qa4 36. Bb7 Nb4 37. Nc5 Qb5 38. a4 Qc4 39. Re8+ Rxe8 40. Qxe8+
Bf8 41. Qe5 Qc1+ 42. Kg2 Qd2+ 43. Bf2 Nc2 44. Nb3 Qd1 45. Nd4 Nb4 46. Ne2 Nd3
47. Qe8 Nxf2 48. Kxf2 Kg7 49. Qe5+ f6 50. Qc7+ Kg8 51. Qc4+ Kg7 52. a5 Qh1 53.
Qc7+ Kh8 54. g4 Bb4 55. Ng1 Be1+ 56. Kf1 Bxa5 57. Qxa5 Qxh2 58. Qd8+ Kg7 59.
Qe7+ Kh6 60. Qxf6 Qf2+ 1/2-1/2

[Event "European Youth Chess Championship G18"]
[Site "Prague, Top Hotel Prague"]
[Date "2012.08.22"]
[Round "6.14"]
[White "Galunova, Tsveta"]
[Black "Balzano, Filli"]
[Result "1-0"]
[WhiteElo "2091"]
[BlackElo "1916"]
[PlyCount "85"]
[EventDate "2012.08.17"]

1. e4 c6 2. d4 d5 3. exd5 cxd5 4. c4 Nf6 5. Nc3 e6 6. Nf3 Bb4 7. Bd3 dxc4 8.
Bxc4 O-O 9. O-O b6 10. Qd3 Bb7 11. a3 Bxc3 12. bxc3 Nbd7 13. Re1 Rc8 14. Bd2
Bxf3 15. gxf3 Qc7 16. Ba2 Rfe8 17. f4 Nf8 18. f5 Ng4 19. f4 Qd6 20. Re2 Nf6 21.
Rg2 exf5 22. Qxf5 Ng6 23. Qg5 Ne4 24. Qf5 Nf6 25. Qg5 Ne4 26. Qf5 Qc7 27. Re2
Nxd2 28. Rxd2 Qxf4 29. Bxf7+ Kh8 30. Qxf4 Nxf4 31. Bxe8 Rxe8 32. Rf1 Nd5 33.
Re2 Rc8 34. Rfe1 Nf6 35. Re7 h6 36. Rxa7 Rxc3 37. Ree7 Nh5 38. d5 Rd3 39. Red7
Rd2 40. d6 Nf4 41. Rxg7 Nh3+ 42. Kf1 Rxd6 43. Rge7 1-0

[Event "European Youth Chess Championship G18"]
[Site "Prague, Top Hotel Prague"]
[Date "2012.08.22"]
[Round "6.15"]
[White "Zpevakova, Jana"]
[Black "Azimova, Karina"]
[Result "1/2-1/2"]
[WhiteElo "1901"]
[BlackElo "2050"]
[PlyCount "81"]
[EventDate "2012.08.17"]

1. d4 Nf6 2. c4 g6 3. Nc3 Bg7 4. Bg5 d6 5. Nf3 O-O 6. e3 c5 7. h3 Na6 8. d5 Rb8
9. Be2 Bd7 10. O-O Nc7 11. a4 Na6 12. e4 Nb4 13. Re1 a6 14. Bf1 h6 15. Bh4 g5
16. Bg3 g4 17. Nd2 gxh3 18. gxh3 Qc8 19. Kh2 Nh7 20. f4 f5 21. e5 dxe5 22. fxe5
f4 23. Bh4 Ng5 24. e6 Be8 25. Be2 Bg6 26. Bxg5 hxg5 27. Rg1 Qc7 28. Bf3 Qe5 29.
Qe2 Qxe2+ 30. Bxe2 Rf5 31. h4 Bf6 32. hxg5 Bxc3 33. bxc3 Nc2 34. Raf1 Kg7 35.
Bd3 Rh8+ 36. Kg2 Rxg5+ 37. Kf3 Rh3+ 38. Kf2 Rh2+ 39. Kf3 Rh3+ 40. Kf2 Rh2+ 41.
Kf3 1/2-1/2

[Event "European Youth Chess Championship G18"]
[Site "Prague, Top Hotel Prague"]
[Date "2012.08.22"]
[Round "6.16"]
[White "Skrabakova, Katarina"]
[Black "Kane, Marta"]
[Result "1-0"]
[WhiteElo "1989"]
[BlackElo "1787"]
[PlyCount "73"]
[EventDate "2012.08.17"]

1. e4 c5 2. Nf3 e6 3. d4 cxd4 4. Nxd4 a6 5. Be2 Qc7 6. Be3 Nf6 7. Bf3 Nc6 8.
O-O Be7 9. Nc3 O-O 10. Qd2 Rd8 11. Rad1 Ne5 12. Bf4 d6 13. Be2 b5 14. a3 Bb7
15. f3 Rac8 16. Qe1 Qc5 17. Qf2 Nc4 18. Bxc4 Qxc4 19. Rd2 Qc7 20. Nde2 Nd7 21.
Rfd1 Nb6 22. b3 h6 23. Qg3 Qc5+ 24. Kh1 Rc6 25. e5 g5 26. b4 Qc4 27. Rd4 dxe5
28. Rxc4 Rxd1+ 29. Nxd1 Rxc4 30. Bxe5 Rxc2 31. Ndc3 Nd5 32. h3 f6 33. Bd4 e5
34. Bxe5 fxe5 35. Qxe5 Nxc3 36. Nxc3 Kf7 37. Qf5+ 1-0

[Event "European Youth Chess Championship G18"]
[Site "Prague, Top Hotel Prague"]
[Date "2012.08.22"]
[Round "6.17"]
[White "Corotcova, Anastasia"]
[Black "Nonkovic, Bogdana"]
[Result "1-0"]
[WhiteElo "1655"]
[BlackElo "1950"]
[PlyCount "49"]
[EventDate "2012.08.17"]

1. d4 d5 2. c4 e6 3. Nf3 c5 4. Nc3 Nc6 5. e3 a6 6. cxd5 exd5 7. Be2 Nf6 8. O-O
Bf5 9. a3 Rc8 10. Re1 Ne4 11. Qb3 c4 12. Qxb7 Nd6 13. Qxa6 Na5 14. Nb5 Rc6 15.
Nxd6+ Rxd6 16. Qb5+ Bd7 17. Qb4 Nb3 18. Rb1 Qc7 19. e4 Rc6 20. Qc3 dxe4 21. Ne5
Bd6 22. Nxc6 Bxh2+ 23. Kh1 Bxc6 24. Bxc4 Na5 25. d5 1-0

[Event "European Youth Chess Championship G18"]
[Site "Prague, Top Hotel Prague"]
[Date "2012.08.22"]
[Round "6.18"]
[White "Vatkali, Dimitra"]
[Black "Roy, Ali"]
[Result "1-0"]
[WhiteElo "1936"]
[BlackElo "1836"]
[PlyCount "67"]
[EventDate "2012.08.17"]

1. d4 d5 2. c4 c6 3. Nf3 Nf6 4. e3 e6 5. b3 Nbd7 6. Bd3 Bd6 7. Bb2 O-O 8. O-O
b6 9. Ne5 Bb7 10. Nd2 Qc7 11. f4 Rac8 12. Qc2 c5 13. Rad1 Rfd8 14. Ndf3 Ne4 15.
Bxe4 dxe4 16. Ng5 cxd4 17. exd4 Rf8 18. Nxe4 f6 19. Nxd6 Qxd6 20. Nxd7 Qxd7 21.
Qe2 Qc6 22. Rd3 Rfe8 23. Re3 Rcd8 24. Re1 Kf7 25. Qh5+ Kg8 26. R1e2 g6 27. Qh4
e5 28. fxe5 fxe5 29. d5 Qc5 30. Bxe5 Rf8 31. Bd4 Qc8 32. Re7 Rf7 33. Rxf7 Kxf7
34. Qxh7+ 1-0

[Event "European Youth Chess Championship G18"]
[Site "Prague, Top Hotel Prague"]
[Date "2012.08.22"]
[Round "6.19"]
[White "Malikova, Ulviyya"]
[Black "Terzidaki, Alexandra"]
[Result "0-1"]
[WhiteElo "1810"]
[BlackElo "1958"]
[PlyCount "96"]
[EventDate "2012.08.17"]

1. d4 Nf6 2. c4 d5 3. Nf3 c6 4. e3 e6 5. a3 Nbd7 6. Nc3 Bd6 7. cxd5 exd5 8. Bd3
O-O 9. b3 Re8 10. O-O Nf8 11. h3 Ng6 12. Qc2 Qe7 13. Bb2 Ne4 14. b4 Nh4 15. Be2
Bf5 16. Qd1 Nxg2 17. Kxg2 Bxh3+ 18. Kxh3 Qe6+ 19. Kg2 Qg4+ 20. Kh1 Re6 21. Nh2
Qh3 22. f4 Rh6 23. Bh5 Rxh5 24. Qc2 Ng3+ 25. Kg1 Nxf1 26. Rxf1 Qxe3+ 27. Qf2
Bxf4 28. Nf3 Qe6 29. Re1 Qh6 30. Qe2 Rh1+ 31. Kf2 Rxe1 32. Qxe1 Qg6 33. Kf1 h5
34. Qe2 Qg4 35. Qg2 Qxg2+ 36. Kxg2 Re8 37. b5 f6 38. a4 g5 39. Ba3 Re3 40. Bb4
Kf7 41. bxc6 bxc6 42. a5 Rd3 43. Ne2 Bc7 44. a6 h4 45. Ne1 h3+ 46. Kh1 Re3 47.
Nc1 g4 48. Nc2 Rf3 0-1

[Event "European Youth Chess Championship G18"]
[Site "Prague, Top Hotel Prague"]
[Date "2012.08.22"]
[Round "6.20"]
[White "Bass, Leenoy"]
[Black "Koselova, Zuzana"]
[Result "1/2-1/2"]
[WhiteElo "1614"]
[BlackElo "1912"]
[PlyCount "92"]
[EventDate "2012.08.17"]

1. e4 e5 2. d4 exd4 3. Qxd4 Nc6 4. Qe3 g6 5. Nc3 Bg7 6. Bd2 Nge7 7. O-O-O O-O
8. Bc4 a6 9. h4 d5 10. Nxd5 Ne5 11. Be2 Nxd5 12. exd5 Qxd5 13. Bc3 Qe6 14. Kb1
Ng4 15. Qxe6 Bxe6 16. Bxg7 Kxg7 17. Bxg4 Bxg4 18. f3 Be6 19. Ne2 Rad8 20. Nf4
Bc4 21. b3 Bb5 22. Kc1 Rfe8 23. Rhe1 Rxe1 24. Rxe1 Rd4 25. g3 Bc6 26. Re3 Kf6
27. Nd3 Rd6 28. Nb4 Bd7 29. Nd3 b6 30. Kd2 h5 31. Ke2 Rd5 32. a4 a5 33. c4 Rd4
34. Kd2 Bf5 35. Kc3 Rd7 36. Nf2 Be6 37. Nd3 Rd6 38. Nf2 Ke7 39. Rd3 Rxd3+ 40.
Nxd3 Kd6 41. Kd4 Bf5 42. c5+ Ke7 43. cxb6 cxb6 44. Kc4 Kd6 45. Nf4 Bc2 46. Ne2
Bf5 1/2-1/2

[Event "European Youth Chess Championship G18"]
[Site "Prague, Top Hotel Prague"]
[Date "2012.08.22"]
[Round "6.21"]
[White "Haitovich, Avital"]
[Black "Steinhauserova, Anna"]
[Result "0-1"]
[WhiteElo "1874"]
[BlackElo "1788"]
[PlyCount "66"]
[EventDate "2012.08.17"]

1. e4 e5 2. Nf3 Nc6 3. Bb5 f5 4. Qe2 fxe4 5. Qxe4 Nf6 6. Qe2 Bd6 7. d4 O-O 8.
Bxc6 dxc6 9. dxe5 Re8 10. O-O Nd5 11. c4 Nb6 12. Bf4 Bg4 13. Nbd2 Nd7 14. Qe4
Bxe5 15. Nxe5 Nxe5 16. Bxe5 Qxd2 17. f3 Bh5 18. Rad1 Qa5 19. Rfe1 Bg6 20. Qd4
Re7 21. f4 Qxa2 22. Rf1 Qa5 23. Ra1 Qb6 24. c5 Qb3 25. f5 Bh5 26. f6 gxf6 27.
Rxf6 Rae8 28. Re1 Qd5 29. Qf4 Qxc5+ 30. Kh1 Rxe5 31. Rf1 Bg6 32. h3 Qe7 33. Qg3
Re1 0-1

[Event "European Youth Chess Championship G18"]
[Site "Prague, Top Hotel Prague"]
[Date "2012.08.22"]
[Round "6.22"]
[White "Grigoryan, Julieta"]
[Black "Urbonaviciute, Zivile"]
[Result "1/2-1/2"]
[WhiteElo "1838"]
[BlackElo "1763"]
[PlyCount "181"]
[EventDate "2012.08.17"]

1. e4 c5 2. Nf3 d6 3. d4 cxd4 4. Nxd4 Nf6 5. Nc3 a6 6. g3 Nc6 7. Bg2 Bd7 8. O-O
Rc8 9. b3 g6 10. Bb2 Bg7 11. Nxc6 Bxc6 12. Nd5 O-O 13. Nxf6+ Bxf6 14. Bxf6 exf6
15. Qd4 Re8 16. Rad1 Qe7 17. f3 Red8 18. c4 Kg7 19. Rfe1 Qc7 20. Rd2 Qa5 21.
Red1 b5 22. Bf1 h5 23. Qe3 bxc4 24. Bxc4 Bb5 25. Bxb5 axb5 26. Qf2 Qb4 27. Qd4
Qa5 28. Qb2 Qb6+ 29. Kg2 Qc6 30. Rd4 Qa6 31. R1d2 Ra8 32. a4 bxa4 33. Rxa4 Qc6
34. Rc4 Qb6 35. Qc3 Rab8 36. b4 Rd7 37. Rcd4 Rc7 38. Qb2 Rc6 39. Qa3 Qb7 40.
Qb2 Qb6 41. Qa1 Qc7 42. Qa5 Qb7 43. Qd5 Qb6 44. f4 Qb5 45. Qxb5 Rxb5 46. Rb2
Rcb6 47. Kf3 Rb7 48. Ke3 Kf8 49. Rxd6 Rxb4 50. Rxb4 Rxb4 51. Rxf6 Rb2 52. h4
Rb3+ 53. Kf2 Rb2+ 54. Kf3 Rb3+ 55. Kg2 Rb2+ 56. Kh3 Ke7 57. Ra6 Re2 58. Ra4 Ke6
59. Rb4 Kf6 60. e5+ Ke6 61. Rb6+ Ke7 62. Rb3 Rf2 63. Rb1 Ke6 64. Rh1 Kf5 65.
Rh2 Rf3 66. Ra2 Ke6 67. Ra6+ Ke7 68. Kg2 Rb3 69. Ra2 Ke6 70. Rf2 Kf5 71. Rf3
Rb2+ 72. Kh3 Rd2 73. Rb3 Ke6 74. g4 hxg4+ 75. Kxg4 Rg2+ 76. Kh3 Rg1 77. Rb6+
Ke7 78. Rf6 Rh1+ 79. Kg3 Rg1+ 80. Kh2 Rg4 81. Kh3 Rg1 82. f5 Rf1 83. Kg4 Rg1+
84. Kf4 Rg2 85. fxg6 fxg6 86. Ra6 Rg1 87. Ke4 Re1+ 88. Kf4 Rg1 89. Rd6 Rg2 90.
Ke4 Re2+ 91. Kf4 1/2-1/2

[Event "European Youth Chess Championship G18"]
[Site "Prague, Top Hotel Prague"]
[Date "2012.08.22"]
[Round "6.25"]
[White "Tarmastin, Laura"]
[Black "Sabolova, Kristyna"]
[Result "1-0"]
[WhiteElo "1747"]
[BlackElo "1889"]
[PlyCount "33"]
[EventDate "2012.08.17"]

1. e4 c6 2. d4 d5 3. Nc3 dxe4 4. Nxe4 Nd7 5. Bd3 Ngf6 6. Ng5 e6 7. N1f3 Nb6 8.
Ne5 Qxd4 9. Nexf7 Bb4+ 10. Kf1 Ng4 11. Qf3 Ne5 12. Nxe5 Qxe5 13. Qf7+ Kd8 14.
Nf3 Qc7 15. Bg5+ Be7 16. Qxg7 Rf8 17. Qxf8+ 1-0

[Event "European Youth Chess Championship G18"]
[Site "Prague, Top Hotel Prague"]
[Date "2012.08.22"]
[Round "6.26"]
[White "Milicevic, Dajana"]
[Black "Sanal, Suna"]
[Result "1/2-1/2"]
[WhiteElo "1684"]
[BlackElo "1744"]
[PlyCount "76"]
[EventDate "2012.08.17"]

1. c4 c5 2. Nc3 g6 3. g3 Bg7 4. Bg2 Nc6 5. d3 Nf6 6. Nf3 O-O 7. O-O Rb8 8. Rb1
a6 9. Bg5 d6 10. Ne1 Bd7 11. Nc2 b5 12. b4 cxb4 13. cxb5 axb5 14. Nxb4 Nxb4 15.
Rxb4 Qa5 16. Qb1 Rfc8 17. Bxf6 Rxc3 18. Bxg7 Kxg7 19. Qb2 Qa3 20. Qxa3 Rxa3 21.
Bd5 e6 22. Bb3 Rc8 23. f3 Rc5 24. Kf2 Kf6 25. h4 Ra8 26. g4 Ke7 27. d4 Rc7 28.
d5 Rc5 29. dxe6 fxe6 30. Rd4 e5 31. Rd2 Be6 32. Bxe6 Kxe6 33. Rb1 d5 34. Rdb2
Ra5 35. Rh1 Rc3 36. Rhb1 Rc5 37. Rh1 Rc3 38. Rhb1 Rc5 1/2-1/2

[Event "European Youth Chess Championship G18"]
[Site "Prague, Top Hotel Prague"]
[Date "2012.08.22"]
[Round "6.27"]
[White "Wladyka, Angelika"]
[Black "Bacic, Kristina"]
[Result "1/2-1/2"]
[WhiteElo "1658"]
[BlackElo "1801"]
[PlyCount "85"]
[EventDate "2012.08.17"]

1. e4 c6 2. d4 d5 3. Nc3 dxe4 4. Nxe4 Bf5 5. Ng3 Bg6 6. Nf3 Nd7 7. Be2 e6 8.
O-O Ngf6 9. b3 Bd6 10. Bb2 a5 11. c4 O-O 12. Nh4 a4 13. Nxg6 hxg6 14. Qc2 Qa5
15. Bc3 Bb4 16. Bxb4 Qxb4 17. Bf3 Ra5 18. Rfb1 a3 19. Rd1 Rc8 20. Qd2 Qxd2 21.
Rxd2 b5 22. Rc1 b4 23. c5 Ra7 24. Re1 Nb8 25. Rc1 Rd8 26. Rc4 Rb7 27. Rd1 Rc8
28. Nf1 Na6 29. Ne3 Nd5 30. Bxd5 exd5 31. Rcc1 Re7 32. Re1 Rce8 33. Nc2 f6 34.
f3 Kf7 35. Kf2 g5 36. Rxe7+ Rxe7 37. Re1 Rb7 38. Ke3 g6 39. Kd3 Nc7 40. g3 Rb8
41. Rh1 Na6 42. Re1 Nc7 43. Rh1 1/2-1/2

[Event "European Youth Chess Championship G18"]
[Site "Prague, Top Hotel Prague"]
[Date "2012.08.22"]
[Round "6.28"]
[White "Saffova, Michaela"]
[Black "Kuk, Nika"]
[Result "1-0"]
[WhiteElo "1756"]
[BlackElo "1557"]
[PlyCount "75"]
[EventDate "2012.08.17"]

1. e4 c5 2. c3 d5 3. exd5 Qxd5 4. d4 cxd4 5. cxd4 e5 6. Ne2 Nc6 7. Nbc3 Qd8 8.
dxe5 Qxd1+ 9. Nxd1 Nxe5 10. Nec3 Bd7 11. Be2 Nf6 12. O-O a6 13. Re1 Be7 14.
Bxa6 Nf3+ 15. gxf3 Rxa6 16. Bg5 Be6 17. Ne3 Ra5 18. f4 h6 19. Bh4 g5 20. fxg5
hxg5 21. Bg3 Kf8 22. a3 Nd7 23. b4 Ra6 24. Ned5 Bd8 25. f4 gxf4 26. Nxf4 Bb3
27. Nfd5 Rg6 28. Rab1 Bxd5 29. Nxd5 Rhg8 30. Kf2 Nb6 31. Nf4 Rf6 32. Re4 Nd5
33. Rc1 Bb6+ 34. Kf3 Bc7 35. Rc5 b6 36. Rxd5 Rc6 37. Nh5 Bxg3 38. Rd8# 1-0

[Event "European Youth Chess Championship G18"]
[Site "Prague, Top Hotel Prague"]
[Date "2012.08.22"]
[Round "6.29"]
[White "Yaka, Beyza"]
[Black "Meireles, Ana"]
[Result "1/2-1/2"]
[WhiteElo "1584"]
[BlackElo "1716"]
[PlyCount "79"]
[EventDate "2012.08.17"]

1. e4 e6 2. d4 d5 3. exd5 exd5 4. Bd3 Bd6 5. Nf3 h6 6. O-O Qf6 7. Re1+ Ne7 8.
Nbd2 O-O 9. Ne5 Nbc6 10. Nxc6 Nxc6 11. c3 Ne7 12. Qf3 Qh4 13. g3 Qh3 14. Bf1
Qf5 15. Qxf5 Bxf5 16. Nf3 Rfe8 17. Bd2 Be4 18. Bg2 Nf5 19. Rad1 c6 20. h3 Re6
21. Nh2 Rae8 22. Nf1 Kf8 23. Kh2 Nh4 24. Bxe4 Rxe4 25. Rxe4 Rxe4 26. Be3 Nf5
27. Kg2 h5 28. Bd2 Ke7 29. Re1 Rxe1 30. Bxe1 Kf6 31. Kf3 b6 32. Ne3 Nxe3 33.
Kxe3 g5 34. Kf3 Kf5 35. Bd2 f6 36. Bc1 Bb8 37. Bd2 Bc7 38. b3 Bd6 39. Bc1 Bf8
40. g4+ 1/2-1/2